[Event "RSA-chT U14"]
[Site "Cape Town"]
[Date "2016.01.06"]
[Round "5.10"]
[White "Smith, Wehan"]
[Black "Swart, Divan"]
[Result "1-0"]
[WhiteElo "1130"]
[BlackElo "836"]
[PlyCount "53"]
[EventDate "2016.01.04"]
[EventType "team-tourn"]
[EventRounds "7"]
[EventCountry "RSA"]
[SourceTitle "CBM 170 Extra"]
[Source "ChessBase"]
[SourceDate "2016.02.25"]
[SourceVersion "1"]
[SourceVersionDate "2016.02.25"]
[SourceQuality "1"]
[WhiteTeam "Nelson Mandela Bay"]
[BlackTeam "Ekurhuleni"]
[WhiteTeamCountry "RSA"]
[BlackTeamCountry "RSA"]

1. e4 e5 2. Nf3 Nc6 3. Bc4 Bc5 4. Nc3 Nf6 5. d3 d6 6. 0-0 Bg4 7. Bg5 h6 8. Be3 0-0 9. h3 Bxf3 10. Qxf3 Bxe3 11. fxe3 Nb4 12. Rac1 c6 13. Rfd1 b5 14. Bb3 c5 15. a3 Nc6 16. Nxb5 Na5 17. Bc4 Nxc4 18. dxc4 a6 19. Nxd6 Qb6 20. b3 Rfd8 21. Nf5 Rxd1+ 22. Rxd1 Rd8 23. Rxd8+ Qxd8 24. Qg3 Qd1+ 25. Kh2 g6 26. Qxe5 gxf5 27. Qxf6 1-0